[Event "Aeroflot Open A 2018"]
[Site "Moscow RUS"]
[Date "2018.02.21"]
[Round "2.3"]
[White "Petrosyan, Manuel"]
[Black "Korobov, Anton"]
[Result "0-1"]
[WhiteTitle "GM"]
[BlackTitle "GM"]
[WhiteElo "2569"]
[BlackElo "2664"]
[WhiteFideId "13300857"]
[BlackFideId "14105730"]
[EventDate "2018.02.20"]

1. d4 d5 2. c4 c6 3. Nf3 Nf6 4. e3 Bf5 5. Nc3 e6 6. Qb3 Qb6 7. c5 Qc7 8. Nh4 Bg6
9. Nxg6 hxg6 10. Bd2 Nbd7 11. g3 e5 12. Bg2 Be7 13. O-O Kf8 14. Qc2 g5 15. b4
Kg8 16. Rae1 g4 17. e4 exd4 18. exd5 dxc3 19. Bf4 Qd8 20. dxc6 bxc6 21. Bxc6 Bf8
22. Qxc3 a5 23. Bxa8 axb4 24. Qc4 Qxa8 25. c6 Nb6 26. Qb5 Nfd5 27. Be3 Qa4 28.
Qxa4 Nxa4 29. Bd2 Nab6 30. Re8 f6 31. Rb8 Kh7 32. Re1 Bd6 33. Rxh8+ Kxh8 34. Be3
Na4 35. Bd4 Kg8 36. Re8+ Kf7 37. Rd8 Ke6 38. Re8+ Be7 39. Rb8 Kd6 40. a3 Kc7 41.
Ra8 Nac3 42. Bxf6 Bxf6 43. axb4 Nxb4 44. f3 gxf3 45. Kf2 Nxc6 46. Kxf3 Kd6 47.
Kg4 Ne4 48. Kf5 Kd5 49. Kg6 Ng5 50. Ra6 Ne7+ 51. Kh5 Nf3 52. h3 Ne5 53. g4 Nf7
54. Ra5+ Ke4 55. Ra4+ Kf3 56. Ra3+ Kg2 57. g5 Nxg5 58. h4 Nf3 59. Ra4 Nxh4 60.
Rg4+ Kf3 61. Rg6 Ng2 0-1

[Event "Aeroflot Open A 2018"]
[Site "Moscow RUS"]
[Date "2018.02.21"]
[Round "2.4"]
[White "Piorun, Kacper"]
[Black "Petrosian, Tigran L."]
[Result "0-1"]
[WhiteTitle "GM"]
[BlackTitle "GM"]
[WhiteElo "2659"]
[BlackElo "2589"]
[WhiteFideId "1130420"]
[BlackFideId "13301616"]
[EventDate "2018.02.20"]

1. e4 c5 2. Nf3 d6 3. d4 cxd4 4. Nxd4 Nf6 5. Nc3 g6 6. Be3 Bg7 7. Be2 O-O 8. Qd2
Nc6 9. O-O-O Bd7 10. f3 Qa5 11. Nb3 Qc7 12. h4 a5 13. a3 b5 14. Nxb5 Qb7 15. a4
Rfc8 16. Kb1 Ne5 17. h5 Nc4 18. Bxc4 Rxc4 19. hxg6 fxg6 20. e5 Ne8 21. Na3 Rb4
22. Nc5 Rxb2+ 23. Ka1 dxc5 24. Qxd7 Qxd7 25. Rxd7 Bxe5 26. Bd4 Bxd4 27. Rxd4 Rb4
28. Rc4 Nd6 29. Rxc5 Rxa4 30. Ka2 Rb8 31. Re1 Kf7 32. Ree5 Kf6 33. Red5 Ra8 34.
g3 h5 35. c3 Rb8 36. Rxa5 Rxa5 37. Rxa5 g5 38. Nc2 Nc4 39. Ra6+ Rb6 40. Rxb6+
Nxb6 41. Ne3 h4 42. gxh4 gxh4 43. c4 Ke5 44. c5 Nd5 45. c6 Nb4+ 0-1

[Event "Aeroflot Open A 2018"]
[Site "Moscow RUS"]
[Date "2018.02.21"]
[Round "2.5"]
[White "Golubov, Saveliy"]
[Black "Sjugirov, Sanan"]
[Result "1/2-1/2"]
[WhiteTitle "IM"]
[BlackTitle "GM"]
[WhiteElo "2492"]
[BlackElo "2652"]
[WhiteFideId "24176729"]
[BlackFideId "4189302"]
[EventDate "2018.02.20"]

1. d4 Nf6 2. Nf3 g6 3. c4 Bg7 4. Nc3 d5 5. Bf4 O-O 6. e3 c5 7. dxc5 Qa5 8. Qa4
Qxc5 9. cxd5 Nxd5 10. Nxd5 Qxd5 11. Bc4 Qc6 12. Qb3 Na6 13. Rc1 Be6 14. O-O Rac8
15. Bxe6 Qxc1 16. Bxc8 Qxc8 17. Be5 1/2-1/2

[Event "Aeroflot Open A 2018"]
[Site "Moscow RUS"]
[Date "2018.02.21"]
[Round "2.6"]
[White "Sethuraman, S.P."]
[Black "Kulaots, Kaido"]
[Result "1-0"]
[WhiteTitle "GM"]
[BlackTitle "GM"]
[WhiteElo "2646"]
[BlackElo "2582"]
[WhiteFideId "5021596"]
[BlackFideId "4500261"]
[EventDate "2018.02.20"]

1. e4 c5 2. Nf3 d6 3. d4 cxd4 4. Nxd4 Nf6 5. Nc3 g6 6. Be3 Bg7 7. f3 O-O 8. Bc4
Nc6 9. Bb3 Bd7 10. h4 h5 11. Qd2 Rc8 12. O-O-O Ne5 13. Kb1 Nc4 14. Bxc4 Rxc4 15.
Nde2 Qa5 16. Nd5 Qxd2 17. Nxe7+ Kh7 18. Rxd2 Re8 19. Nd5 Nxd5 20. Rxd5 Bc6 21.
Rd3 d5 22. exd5 Bxd5 23. b3 Rb4 24. Bd2 Rb6 25. Nf4 Bc4 26. Rd7 Kg8 27. Re1
Rxe1+ 28. Bxe1 Bf1 29. Bf2 Ra6 30. g3 Bb5 31. Rxb7 Rd6 32. Kc1 Bc6 33. Rxa7 Bxf3
34. Nd3 Be4 35. Kd2 Rf6 36. Nf4 Rc6 37. c4 Rd6+ 38. Ke2 Bf5 39. Nd5 Bg4+ 40. Kd2
Re6 41. Re7 Bh6+ 42. Kc3 1-0

[Event "Aeroflot Open A 2018"]
[Site "Moscow RUS"]
[Date "2018.02.21"]
[Round "2.7"]
[White "Pavlov, Sergey2"]
[Black "Kovalev, Vladislav"]
[Result "1/2-1/2"]
[WhiteTitle "IM"]
[BlackTitle "GM"]
[WhiteElo "2485"]
[BlackElo "2641"]
[WhiteFideId "14114330"]
[BlackFideId "13504398"]
[EventDate "2018.02.20"]

1. Nf3 Nf6 2. c4 g6 3. g3 Bg7 4. Bg2 O-O 5. O-O d6 6. d4 Nc6 7. Nc3 e5 8. dxe5
Nxe5 9. b3 Nxf3+ 10. Bxf3 a6 11. Bg5 h6 12. Be3 Rb8 13. Qd2 Kh7 14. Rfd1 Be6 15.
Ba7 Ra8 16. Bd4 Rb8 17. Qb2 Rg8 18. Rac1 Nd7 19. Bxg7 Rxg7 20. Nd5 a5 1/2-1/2

[Event "Aeroflot Open A 2018"]
[Site "Moscow RUS"]
[Date "2018.02.21"]
[Round "2.8"]
[White "Khalifman, Alexander"]
[Black "Shevchenko, Kirill"]
[Result "1-0"]
[WhiteTitle "GM"]
[BlackTitle "GM"]
[WhiteElo "2614"]
[BlackElo "2538"]
[WhiteFideId "4100115"]
[BlackFideId "14129574"]
[EventDate "2018.02.20"]

1. c4 Nf6 2. Nc3 e6 3. e4 d5 4. cxd5 exd5 5. e5 Ne4 6. Nf3 Bf5 7. d3 Nxc3 8.
bxc3 c5 9. d4 Nc6 10. Bd3 Be4 11. O-O cxd4 12. Nxd4 Bxd3 13. Qxd3 Qd7 14. Bg5
Be7 15. Bxe7 Nxe7 16. f4 g6 17. f5 Nxf5 18. Nxf5 gxf5 19. Rxf5 Rc8 20. Raf1 Rg8
21. Rxf7 Qxf7 22. Rxf7 Kxf7 23. Qf5+ Ke7 24. Qf6+ 1-0

[Event "Aeroflot Open A 2018"]
[Site "Moscow RUS"]
[Date "2018.02.21"]
[Round "2.9"]
[White "Yakubboev, Nodirbek"]
[Black "Wen, Yang"]
[Result "1/2-1/2"]
[WhiteTitle "IM"]
[BlackTitle "GM"]
[WhiteElo "2462"]
[BlackElo "2608"]
[WhiteFideId "14203987"]
[BlackFideId "8602956"]
[EventDate "2018.02.20"]

1. d4 d5 2. Nf3 Nf6 3. c4 e6 4. g3 Bb4+ 5. Bd2 Be7 6. Bg2 O-O 7. Qc2 Nbd7 8. O-O
c6 9. Bf4 b6 10. Nc3 Bb7 11. Rfd1 dxc4 12. Nd2 Nd5 13. Nxc4 Nxf4 14. gxf4 Qc7
15. e3 Rac8 16. Rac1 Rfd8 17. Ne5 Nxe5 18. fxe5 c5 19. Bxb7 Qxb7 20. Qe4 Qxe4
21. Nxe4 cxd4 22. Rxc8 Rxc8 23. Rxd4 Rc7 24. b3 h5 25. f4 f5 26. exf6 gxf6 27.
Rc4 Rd7 28. Rd4 Rxd4 29. exd4 Kf7 30. Kf2 Ba3 31. Nc3 Bb2 32. Ne2 Kg6 33. Kf3 f5 1/2-1/2

[Event "Aeroflot Open A 2018"]
[Site "Moscow RUS"]
[Date "2018.02.21"]
[Round "2.10"]
[White "Bologan, Victor"]
[Black "Xu, Yi"]
[Result "1-0"]
[WhiteTitle "GM"]
[BlackTitle "IM"]
[WhiteElo "2600"]
[BlackElo "2490"]
[WhiteFideId "13900048"]
[BlackFideId "8605564"]
[EventDate "2018.02.20"]

1. e4 e5 2. Nf3 Nc6 3. Bc4 Bc5 4. O-O Nf6 5. d3 d6 6. c3 h6 7. a4 a5 8. Qb3 O-O
9. Be3 Bxe3 10. fxe3 Ne7 11. Nbd2 Ng6 12. h3 c6 13. d4 d5 14. Bd3 Qe7 15. Rae1
Be6 16. Qd1 dxe4 17. Nxe4 Nxe4 18. Bxe4 f5 19. Bc2 e4 20. Nd2 Nh4 21. Rf2 Rf6
22. Kh2 Rg6 23. Rg1 Qg5 24. Qe1 Qg3+ 25. Kh1 Rg5 26. Re2 Qxe1 27. Rexe1 Ng6 28.
Bd1 Ne7 29. g4 Nd5 30. Kh2 Rf8 31. h4 Rg6 32. gxf5 Rxg1 33. Kxg1 Bxf5 34. Bc2 b6
35. Kg2 Bh7 36. Bxe4 g5 37. hxg5 hxg5 38. Bxh7+ Kxh7 39. Nf3 Re8 40. e4 Nf4+ 41.
Kg3 Nd3 42. Re2 Kg6 43. Rd2 Nf4 44. Ne5+ Kf6 45. Rh2 c5 46. Nd7+ Kg6 47. dxc5
bxc5 48. Nxc5 Re5 49. b4 Ne6 50. Nxe6 Rxe6 51. Rb2 Rxe4 52. Rb3 Kf5 53. b5 Rxa4
54. b6 Rg4+ 55. Kf3 Rf4+ 56. Ke3 Re4+ 57. Kd3 Re8 58. Kc4 a4 59. Ra3 g4 60. Kb4
g3 61. Rxa4 Re1 62. Ra2 Ke4 63. c4 Rb1+ 64. Kc5 Kf3 65. Kc6 g2 66. Rxg2 Kxg2 67.
c5 Kf3 68. Kb7 1-0

[Event "Aeroflot Open A 2018"]
[Site "Moscow RUS"]
[Date "2018.02.21"]
[Round "2.11"]
[White "Antipov, Mikhail Al."]
[Black "Mikaelyan, Arman"]
[Result "1/2-1/2"]
[WhiteTitle "GM"]
[BlackTitle "GM"]
[WhiteElo "2598"]
[BlackElo "2486"]
[WhiteFideId "4107012"]
[BlackFideId "13304852"]
[EventDate "2018.02.20"]

1. d4 Nf6 2. c4 g6 3. Bg5 Bg7 4. Nc3 O-O 5. Qd2 c5 6. d5 d6 7. e4 a6 8. f3 e6 9.
Rd1 Qa5 10. Bh6 exd5 11. cxd5 b5 12. a3 Nbd7 13. h4 Re8 14. Bxg7 Kxg7 15. h5 Ne5
16. hxg6 fxg6 17. Rc1 Rb8 18. Nd1 b4 19. Ne2 Bd7 20. Ng3 Qa4 21. axb4 Rxb4 22.
Be2 Rd4 23. Qh6+ Kg8 24. O-O Nf7 25. Qh4 Nxd5 26. Nc3 Nxc3 27. bxc3 Rd2 28. Qf4
Qa2 29. Qe3 Rb2 30. Ra1 Qb3 31. Rxa6 h5 32. Rc1 h4 33. Nf1 Qe6 34. Rd1 Kg7 35.
Rd2 Reb8 36. f4 R2b6 37. Rxb6 Rxb6 38. Kh2 Bc6 39. Bf3 Rb1 40. Rf2 Rb8 41. Nd2
Nh6 42. Kg1 Nf5 43. Qd3 Ng3 44. f5 Qe5 45. fxg6 Ra8 46. Bd1 Bxe4 47. Nxe4 Qxe4
48. Qd2 Ra2 49. Rf7+ Kxg6 50. Qxd6+ Kxf7 51. Bb3+ c4 52. Qd7+ Kg6 53. Qd6+ Kh5
54. Qc5+ Kg4 55. Qc8+ Kf4 56. Qc7+ Ke3 57. Bxa2 Kd2 58. Kh2 Nf1+ 59. Kh3 Ne3 60.
Qd7+ Kc2 61. Bxc4 Qxc4 62. Qh7+ Kd2 63. Qxh4 Qe6+ 64. Kh2 Qe5+ 65. Kg1 Nf5 66.
Qf2+ Kxc3 67. Qf3+ Kc4 68. Qf1+ Kc5 69. Qc1+ Kd6 70. Qa3+ Ke6 71. Qa6+ Kf7 72.
Qb6 Nd4 73. Qh6 Qf5 74. Qe3 Qg4 75. Qd3 Kf6 76. Qe3 Qd1+ 77. Kh2 Nf5 78. Qf4 Qe2
79. Kg1 Kg6 80. Kh2 Qd1 81. Qb8 Qd4 82. Qg8+ Ng7 83. Qb8 1/2-1/2

[Event "Aeroflot Open A 2018"]
[Site "Moscow RUS"]
[Date "2018.02.21"]
[Round "2.13"]
[White "Fedoseev, Vladimir3"]
[Black "Esipenko, Andrey"]
[Result "1/2-1/2"]
[WhiteTitle "GM"]
[BlackTitle "FM"]
[WhiteElo "2724"]
[BlackElo "2571"]
[WhiteFideId "24130737"]
[BlackFideId "24175439"]
[EventDate "2018.02.20"]

1. e4 c6 2. d4 d5 3. exd5 cxd5 4. Bd3 Nc6 5. c3 Nf6 6. Bf4 Bg4 7. Qb3 Qc8 8. Nd2
e6 9. Ngf3 Be7 10. h3 Bh5 11. O-O O-O 12. Rfe1 Bg6 13. Bxg6 hxg6 14. a4 b6 15.
Qd1 Qb7 16. h4 Rfd8 17. g3 a6 18. Bg5 b5 19. axb5 axb5 20. b4 Rxa1 21. Qxa1 Ra8
22. Qc1 Ra2 23. Qb1 Qa6 24. Nb3 Ne4 25. Bxe7 Nxe7 26. Nc5 Qa8 27. Nxe4 dxe4 28.
Qxe4 Qxe4 29. Rxe4 Nd5 30. Ne5 Nxc3 31. Re1 Kf8 32. Kg2 Ke7 1/2-1/2

[Event "Aeroflot Open A 2018"]
[Site "Moscow RUS"]
[Date "2018.02.21"]
[Round "2.14"]
[White "Andreikin, Dmitry"]
[Black "Vavulin, Maksim"]
[Result "1/2-1/2"]
[WhiteTitle "GM"]
[BlackTitle "IM"]
[WhiteElo "2712"]
[BlackElo "2575"]
[WhiteFideId "4158814"]
[BlackFideId "4169530"]
[EventDate "2018.02.20"]

1. d4 Nf6 2. c4 e6 3. Nc3 Bb4 4. Qc2 d5 5. a3 Bxc3+ 6. Qxc3 dxc4 7. Qxc4 b6 8.
Bg5 Ba6 9. Qc3 Qd5 10. Bxf6 gxf6 11. f3 Nd7 12. Rc1 c5 13. e4 Qb7 14. dxc5 bxc5
15. Bxa6 Qxa6 16. Ne2 Rg8 17. Kf2 Rb8 18. Rc2 Ne5 19. Rd1 c4 20. Qd4 Kf8 21. Nf4
Qb6 22. Kf1 Ke7 23. Qxb6 1/2-1/2

[Event "Aeroflot Open A 2018"]
[Site "Moscow RUS"]
[Date "2018.02.21"]
[Round "2.15"]
[White "Inarkiev, Ernesto"]
[Black "Nihal, Sarin"]
[Result "1/2-1/2"]
[WhiteTitle "GM"]
[BlackTitle "IM"]
[WhiteElo "2684"]
[BlackElo "2532"]
[WhiteFideId "4162722"]
[BlackFideId "25092340"]
[EventDate "2018.02.20"]

1. e4 e5 2. Nf3 Nc6 3. Bc4 Bc5 4. O-O Nf6 5. d3 O-O 6. Nbd2 d6 7. c3 a5 8. Bb3
h6 9. Re1 Be6 10. Bxe6 fxe6 11. Nf1 Qe8 12. Ng3 a4 13. Be3 Bxe3 14. Rxe3 Qf7 15.
h3 Nh5 16. Nxh5 Qxh5 17. d4 Rf4 18. Qe2 Raf8 19. Rd1 exd4 20. cxd4 Qg6 21. Rd2
d5 22. exd5 exd5 23. Qd1 Re4 24. Rxe4 Qxe4 25. Re2 Qg6 26. Kf1 a3 27. bxa3 Qd6
28. Qb3 b6 29. Qb5 Kh8 30. Rc2 Rf6 31. Rc3 Re6 32. Qa6 Kh7 33. Qb7 Rf6 34. a4
Re6 35. a3 Qd7 36. h4 Qe8 37. Rc1 Qd7 38. Rc2 Qe8 39. Rc1 Qd7 40. Kg1 Qd6 41. h5
Kg8 42. a5 bxa5 43. Qb5 Kh8 44. Rc3 Kg8 45. Kf1 Rf6 46. Rc5 Kh7 47. Qd3+ Kg8 48.
Qe3 Qd7 49. Qb3 Kh8 50. Qxd5 Rd6 51. Qe4 Re6 52. Qf4 Rf6 53. Qe3 Rd6 54. Kg1 Rd5
55. Rxd5 Qxd5 56. Qe8+ Kh7 57. Qg6+ Kg8 58. Qe8+ Kh7 59. Ne5 Nxe5 60. dxe5 Qe4
61. g3 Qe1+ 62. Kg2 Qe4+ 63. Kh2 Qf5 64. Kg1 Qb1+ 65. Kg2 Qe4+ 66. Kh2 Qf5 67.
f4 c5 68. Qb5 Qc2+ 69. Kg1 c4 70. Qd5 c3 71. e6 Qe2 72. e7 Qe1+ 73. Kg2 Qxe7 74.
Qd3+ Kh8 75. Qxc3 Qe2+ 76. Kg1 Qxh5 77. Kf2 Qd5 78. Ke3 1/2-1/2

[Event "Aeroflot Open A 2018"]
[Site "Moscow RUS"]
[Date "2018.02.21"]
[Round "2.16"]
[White "Narayanan, S.L."]
[Black "Najer, Evgeniy"]
[Result "0-1"]
[WhiteTitle "GM"]
[BlackTitle "GM"]
[WhiteElo "2573"]
[BlackElo "2683"]
[WhiteFideId "5058422"]
[BlackFideId "4118987"]
[EventDate "2018.02.20"]

1. d4 Nf6 2. c4 e6 3. Nf3 Bb4+ 4. Nbd2 O-O 5. a3 Be7 6. e4 d6 7. Be2 a5 8. O-O
a4 9. Bd3 e5 10. dxe5 dxe5 11. Bc2 Nc6 12. Bxa4 Nd4 13. Nxd4 Qxd4 14. Nf3 Qxc4
15. Bb3 Qb5 16. Qc2 Bd6 17. a4 Qe8 18. Bg5 Nd7 19. Be3 Nb8 20. Nh4 Nc6 21. Nf5
Bxf5 22. exf5 e4 23. g3 Qe5 24. Rad1 Ra5 25. f6 g6 26. Rd2 Re8 27. Qc3 Qf5 28.
Bd4 Qh3 29. Qc4 Re6 30. Bd1 Rf5 31. Bc3 h5 32. Re2 h4 33. Rfe1 hxg3 34. fxg3
Bc5+ 35. Re3 Ba7 0-1

[Event "Aeroflot Open A 2018"]
[Site "Moscow RUS"]
[Date "2018.02.21"]
[Round "2.17"]
[White "Xu, Xiangyu"]
[Black "Sargissian, Gabriel"]
[Result "1/2-1/2"]
[WhiteTitle "GM"]
[BlackTitle "GM"]
[WhiteElo "2545"]
[BlackElo "2677"]
[WhiteFideId "8608288"]
[BlackFideId "13300881"]
[EventDate "2018.02.20"]

1. Nf3 Nf6 2. c4 b6 3. g3 c5 4. Bg2 Bb7 5. O-O e6 6. b3 Be7 7. Bb2 O-O 8. d4
cxd4 9. Qxd4 d6 10. Nc3 a6 11. Rfd1 Nbd7 12. Rac1 Qc7 13. Qe3 Rfe8 14. h3 Rac8
15. Nd4 Bxg2 16. Kxg2 Bf8 17. Rd2 Qb7+ 18. Qf3 d5 19. Kg1 Ne5 20. Qe3 Ng6 21.
cxd5 exd5 22. Qf3 Ne5 23. Qf4 Ng6 24. Qf3 Ne5 25. Qf4 Ng6 1/2-1/2

[Event "Aeroflot Open A 2018"]
[Site "Moscow RUS"]
[Date "2018.02.21"]
[Round "2.19"]
[White "Bluebaum, Matthias"]
[Black "Repka, Christopher"]
[Result "1/2-1/2"]
[WhiteTitle "GM"]
[BlackTitle "IM"]
[WhiteElo "2635"]
[BlackElo "2513"]
[WhiteFideId "24651516"]
[BlackFideId "14918781"]
[EventDate "2018.02.20"]

1. d4 e6 2. c4 g6 3. Nc3 Bg7 4. e4 Ne7 5. Nf3 d5 6. e5 Nd7 7. Bg5 dxc4 8. Bxc4
h6 9. Bxe7 Qxe7 10. Qe2 Nb6 11. Bd3 Nd5 12. O-O O-O 13. Rac1 Nf4 14. Qe4 Nxd3
15. Qxd3 Bd7 16. d5 Rfd8 17. Qe3 a6 18. Rfd1 Qf8 19. h4 exd5 20. Nxd5 Bc6 21.
Qb3 Rxd5 22. Rxd5 Bxd5 23. Qxd5 c6 24. Qd7 Qc8 25. Rd1 Qxd7 26. Rxd7 Rb8 27. g3
c5 28. b3 b6 29. Ra7 a5 30. Kg2 Re8 31. Rb7 Re6 32. Rb8+ Kh7 33. Rb7 Kg8 34.
Rb8+ Kh7 35. Kf1 Bh8 36. Rb7 Kg8 37. Rb8+ Kh7 38. a4 Bg7 39. Rb7 Kg8 40. Rb8+
Kh7 41. Rb7 Kg8 42. Rb8+ 1/2-1/2

[Event "Aeroflot Open A 2018"]
[Site "Moscow RUS"]
[Date "2018.02.21"]
[Round "2.20"]
[White "Xu, Yinglun"]
[Black "Mareco, Sandro"]
[Result "1/2-1/2"]
[WhiteTitle "GM"]
[BlackTitle "GM"]
[WhiteElo "2538"]
[BlackElo "2632"]
[WhiteFideId "8604940"]
[BlackFideId "112275"]
[EventDate "2018.02.20"]

1. d4 Nf6 2. c4 e6 3. Nf3 c5 4. e3 cxd4 5. exd4 d5 6. Nc3 Bb4 7. cxd5 Nxd5 8.
Bd2 Nc6 9. Bb5 Ne7 10. a3 Ba5 11. Bg5 f6 12. Be3 Nd5 13. Bd2 Ne7 14. Be3 Nd5 15.
Bd2 Ne7 16. Be3 Nd5 1/2-1/2

[Event "Aeroflot Open A 2018"]
[Site "Moscow RUS"]
[Date "2018.02.21"]
[Round "2.21"]
[White "Gordievsky, Dmitry"]
[Black "Yuffa, Daniil"]
[Result "1/2-1/2"]
[WhiteTitle "GM"]
[BlackTitle "GM"]
[WhiteElo "2630"]
[BlackElo "2521"]
[WhiteFideId "24112798"]
[BlackFideId "24131423"]
[EventDate "2018.02.20"]

1. c4 c6 2. Nf3 d5 3. g3 Nf6 4. Bg2 Bg4 5. Ne5 Be6 6. cxd5 Bxd5 7. Nf3 c5 8. Nc3
Bc6 9. O-O e6 10. Re1 Nbd7 11. e4 e5 12. d3 Be7 13. a4 O-O 14. Nd2 Qc7 15. Nc4
Nb6 16. a5 Nxc4 17. dxc4 Rfd8 18. Qc2 h6 19. b3 Qd7 20. Nd5 Bxd5 21. cxd5 b5 22.
a6 Rdc8 23. Bb2 Bd6 24. f4 Qc7 25. Kh1 h5 26. Rad1 Re8 27. Bf3 Rac8 28. Qg2 c4
29. bxc4 bxc4 30. Bc3 Rb8 31. Rc1 Rb3 32. Rg1 Qc8 33. Be2 Ng4 34. fxe5 Bxe5 35.
Bxg4 hxg4 36. Bxe5 Rxe5 37. Qe2 c3 38. Rgd1 Rb4 39. Qf2 Qxa6 40. d6 Rb2 41. Rc2
Rb8 42. Rxc3 Qb7 43. Kg1 Rd8 44. Rc7 1/2-1/2

[Event "Aeroflot Open A 2018"]
[Site "Moscow RUS"]
[Date "2018.02.21"]
[Round "2.22"]
[White "Abdusattorov, Nodirbek"]
[Black "Zvjaginsev, Vadim"]
[Result "1/2-1/2"]
[WhiteTitle "IM"]
[BlackTitle "GM"]
[WhiteElo "2516"]
[BlackElo "2629"]
[WhiteFideId "14204118"]
[BlackFideId "4113403"]
[EventDate "2018.02.20"]

1. d4 d5 2. c4 e6 3. Nf3 dxc4 4. e3 Nf6 5. Bxc4 a6 6. O-O Nbd7 7. a4 c5 8. Nc3
Qc7 9. Qe2 Bd6 10. Bd2 O-O 11. dxc5 Bxc5 12. Bd3 b6 13. Rac1 a5 14. Ng5 Bb7 15.
Nge4 Qe5 16. f4 Qh5 17. Qxh5 Nxh5 18. g4 Nhf6 19. g5 Nd5 20. Nxd5 exd5 21. Ng3
g6 22. Rfe1 Bb4 23. Bxb4 axb4 24. b3 Nc5 25. Bc2 Rfe8 26. Kf2 Ba6 27. Rcd1 Bc4
28. bxc4 dxc4 29. Rd4 b3 30. Ne4 bxc2 31. Nxc5 bxc5 32. Rxc4 Reb8 33. Rc1 Rb2
34. Kf3 Kg7 35. Rxc5 Rxa4 36. R1xc2 Raa2 37. Rxb2 Rxb2 38. Kg3 Re2 39. Re5 h6
40. gxh6+ Kxh6 41. Re8 f5 42. h3 Kg7 43. Re6 Kf7 44. Re5 Kf6 45. h4 Re1 46. Kg2
Re2+ 47. Kg3 Re1 48. Kg2 Re2+ 49. Kg3 Re1 1/2-1/2

[Event "Aeroflot Open A 2018"]
[Site "Moscow RUS"]
[Date "2018.02.21"]
[Round "2.23"]
[White "Zhigalko, Sergei"]
[Black "Salomon, Johan"]
[Result "1/2-1/2"]
[WhiteTitle "GM"]
[BlackTitle "GM"]
[WhiteElo "2625"]
[BlackElo "2503"]
[WhiteFideId "13502956"]
[BlackFideId "1509500"]
[EventDate "2018.02.20"]

1. e4 e5 2. Nf3 Nc6 3. Bb5 Nf6 4. d3 Bc5 5. Bxc6 dxc6 6. Be3 Bd6 7. h3 Be6 8.
Nc3 h6 9. Qe2 Qe7 10. a3 Nd7 11. d4 O-O 12. g4 exd4 13. Nxd4 Nb6 14. f4 Rad8 15.
Nxe6 fxe6 16. O-O Bc5 17. Bxc5 Qxc5+ 18. Qf2 Qd4 19. Qxd4 Rxd4 20. b3 Rd2 21.
Rac1 g6 22. a4 a5 23. Rf3 Kg7 24. Nb1 Re2 25. Nc3 Rd2 26. Nb1 Re2 27. Nc3 Rd2 1/2-1/2

[Event "Aeroflot Open A 2018"]
[Site "Moscow RUS"]
[Date "2018.02.21"]
[Round "2.24"]
[White "Sorokin, Aleksey"]
[Black "Romanov, Evgeny"]
[Result "1/2-1/2"]
[WhiteTitle "FM"]
[BlackTitle "GM"]
[WhiteElo "2511"]
[BlackElo "2621"]
[WhiteFideId "24176460"]
[BlackFideId "4148843"]
[EventDate "2018.02.20"]

1. d4 Nf6 2. c4 e6 3. g3 Bb4+ 4. Nd2 c5 5. a3 Bxd2+ 6. Qxd2 cxd4 7. Nf3 b6 8. b4
Bb7 9. Qxd4 Nc6 10. Qf4 a5 11. b5 Ne7 12. Bg2 Rc8 13. O-O O-O 14. Bb2 Ng6 15.
Qd4 Rc5 16. Rac1 e5 17. Qe3 d5 18. cxd5 Rxb5 19. Bxe5 Bxd5 20. Bxf6 gxf6 21.
Rfd1 Qe7 22. Nd4 Rc5 23. Qxe7 Nxe7 24. Rxc5 bxc5 25. Nf5 Nxf5 26. Rxd5 Nd4 27.
Rxc5 Rb8 28. Rxa5 Nxe2+ 29. Kf1 Rb2 30. Bf3 Nc3 31. a4 Kg7 32. Ra7 f5 33. Bh5
Kh6 34. Bf3 Kg7 35. Ra5 Ra2 36. Bc6 Kf6 37. Bd7 f4 38. Rf5+ Ke7 39. Bc6 fxg3 40.
hxg3 Nxa4 41. Bd5 Ra1+ 42. Kg2 f6 43. Rh5 Kd6 44. Be4 Nc3 45. Bxh7 Nd5 46. Bc2
Ra3 47. Be4 Ne7 48. Rb5 Rc3 49. f3 Rc5 50. Rb6+ Ke5 51. Rb2 Nd5 52. Bxd5 Rxd5
53. Kh3 Kf5 54. Rb4 Rd3 55. f4 Ra3 56. Rb6 Kg6 57. Kh4 Ra4 58. Kg4 1/2-1/2

[Event "Aeroflot Open A 2018"]
[Site "Moscow RUS"]
[Date "2018.02.21"]
[Round "2.25"]
[White "Aleksandrov, Aleksej"]
[Black "Aryan, Chopra"]
[Result "0-1"]
[WhiteTitle "GM"]
[BlackTitle "GM"]
[WhiteElo "2618"]
[BlackElo "2509"]
[WhiteFideId "13500139"]
[BlackFideId "5084423"]
[EventDate "2018.02.20"]

1. d4 Nf6 2. c4 g6 3. Nc3 Bg7 4. e4 d6 5. Nge2 O-O 6. Ng3 e5 7. d5 a5 8. Be2 Na6
9. a3 Nc5 10. Be3 Bd7 11. b4 axb4 12. axb4 Rxa1 13. Qxa1 Nb3 14. Qb2 Nd4 15. O-O
h5 16. Bg5 Qe8 17. Qd2 Nh7 18. Bh6 h4 19. Bxg7 Kxg7 20. Nh1 Nf6 21. Bd1 b5 22.
c5 dxc5 23. bxc5 b4 24. Ne2 Nxe4 25. Qxb4 Qb8 26. Qe1 Qb2 27. c6 Bf5 28. Nxd4
Qxd4 29. Qa5 Nc3 30. Bf3 e4 31. Rc1 Rb8 32. h3 Rb3 0-1

[Event "Aeroflot Open A 2018"]
[Site "Moscow RUS"]
[Date "2018.02.21"]
[Round "2.26"]
[White "Praggnanandhaa, R"]
[Black "Lysyj, Igor"]
[Result "0-1"]
[WhiteTitle "IM"]
[BlackTitle "GM"]
[WhiteElo "2507"]
[BlackElo "2618"]
[WhiteFideId "25059530"]
[BlackFideId "4150120"]
[EventDate "2018.02.20"]

1. e4 e5 2. Nf3 Nc6 3. Nc3 Nf6 4. Bb5 Bc5 5. Nxe5 Nxe5 6. d4 Bd6 7. f4 Nc6 8. e5
Bb4 9. exf6 Qxf6 10. a3 Bxc3+ 11. bxc3 d5 12. O-O Bf5 13. Rb1 O-O-O 14. Bd3 Rhe8
15. a4 g6 16. Ba3 Re3 17. Bc1 Re6 18. Ba3 Na5 19. Rb5 Nc4 20. Bxc4 dxc4 21. Re5
Rxe5 22. fxe5 Qa6 23. Qe2 Qxa4 24. Bb4 a5 25. Bc5 b6 26. Be7 Rd7 27. Qf3 Kb8 28.
Bg5 Qxc2 29. Rc1 Qe4 30. Qf2 h5 31. Qa2 Qc6 32. Rf1 Kb7 33. h3 Rd5 34. Kh2 Rb5
35. Rf3 Rb3 36. Qe2 a4 0-1

[Event "Aeroflot Open A 2018"]
[Site "Moscow RUS"]
[Date "2018.02.21"]
[Round "2.27"]
[White "Aravindh, Chithambaram VR."]
[Black "Liu, Yan"]
[Result "1-0"]
[WhiteTitle "GM"]
[BlackTitle "IM"]
[WhiteElo "2617"]
[BlackElo "2476"]
[WhiteFideId "5072786"]
[BlackFideId "8608962"]
[EventDate "2018.02.20"]

1. d4 Nf6 2. c4 e6 3. Nf3 b6 4. a3 Bb7 5. Nc3 Ne4 6. Nxe4 Bxe4 7. e3 Be7 8. Bd3
Bxd3 9. Qxd3 d6 10. O-O O-O 11. e4 c5 12. Rd1 Qc8 13. Bf4 Rd8 14. d5 e5 15. Be3
Nd7 16. Nd2 a6 17. b4 Qc7 18. Rdb1 Rdb8 19. a4 cxb4 20. Rxb4 a5 21. Rb5 Qd8 22.
Nf3 Qf8 23. Rab1 Bd8 24. Nd2 Bc7 25. h4 h5 26. Qe2 g6 27. g3 Qe8 28. Kg2 Qe7 29.
Bg5 f6 30. Be3 Kg7 31. Rh1 Rh8 32. Nb1 Qf7 33. Nc3 Rae8 34. Rbb1 Qe7 35. Qc2 Rc8
36. Ne2 Rce8 37. f3 Ref8 38. g4 Kf7 39. Ng3 Rfg8 40. Kf2 hxg4 41. fxg4 Qd8 42.
Qe2 Qf8 43. h5 Ke8 44. hxg6 Rxg6 45. Nf5 Rgg8 46. Rh5 Kd8 47. Rbh1 Qe8 48. Nh6
Rxh6 49. Rxh6 Kc8 50. Qf3 Kb7 51. Qf5 Nb8 52. Rh7 Na6 53. Qe6 Qxe6 54. dxe6 Re8
55. R1h6 Kc6 56. Rxf6 Bd8 57. Rff7 Rxe6 58. g5 Nc5 59. Rh8 Be7 60. Bxc5 Kxc5 61.
Rh6 1-0